Вклад М. К. Коровина в развитие геологии, в освоение угленосных бассейнов Сибири и золоторудных месторождений Северной Монголии; Проблемы геологии и освоения недр

Dettagli Bibliografici
Parent link:Проблемы геологии и освоения недр.— 2009.— С. 136-137
Autore principale: Горбунов Д. А.
Altri autori: Ворошилов В. Г. (научный руководитель)
Lingua:russo
Pubblicazione: 2009
Soggetti:
Natura: MixedMaterials Capitolo di libro
KOHA link:https://koha.lib.tpu.ru/cgi-bin/koha/opac-detail.pl?biblionumber=180719

MARC

LEADER 00000naa2a2200000 4500
001 180719
005 20231101223552.0
035 |a (RuTPU)RU\TPU\book\195915 
090 |a 180719 
100 |a 20100525d2009 k y0rusy50 ca 
101 0 |a rus 
102 |a RU 
200 1 |a Вклад М. К. Коровина в развитие геологии, в освоение угленосных бассейнов Сибири и золоторудных месторождений Северной Монголии  |f Д. А. Горбунов  |g науч. рук. В. Г. Ворошилов 
320 |a Библиогр.: 2 назв. 
463 0 |0 (RuTPU)RU\TPU\book\186895  |y 978-5-98298-569-9  |t Проблемы геологии и освоения недр  |o труды XIII Международного симпозиума имени академика М. А. Усова студентов и молодых ученых, посвященного 110-летию со дня рождения К. В. Радугина  |f Томский политехнический университет (ТПУ), Институт геологии и нефтегазового дела (ИГНД)  |v С. 136-137  |d 2009  |p 993 с. 
600 1 |a Коровин  |b М. К.  |c российский геолог  |c профессор Томского технологического института  |f 1883-1956  |g Михаил Калинникович  |y Томск  |2 stltpush  |3 (RuTPU)RU\TPU\pers\13856  |9 4368 
610 1 |a угольные бассейны 
610 1 |a геологи 
610 1 |a геология 
610 1 |a Сибирь 
610 1 |a золоторудные месторождения 
610 1 |a Северная Монголия 
610 1 |a труды учёных ТПУ 
700 1 |a Горбунов  |b Д. А. 
702 1 |a Ворошилов  |b В. Г.  |4 727 
801 1 |a RU  |b 63413507  |c 20100525 
801 2 |a RU  |b 63413507  |c 20100525  |g RCR 
942 |c BK